Rural policing: background papers of the seminar held on 14th to 16th december, 1964 (Record no. 493909)

000 -LEADER
fixed length control field 00407cam a22001097a 4500
008 - FIXED-LENGTH DATA ELEMENTS--GENERAL INFORMATION
fixed length control field 180718b1965 xxu||||| |||| 00| 0 eng d
082 ## - DEWEY DECIMAL CLASSIFICATION NUMBER
Classification number .N400x54 In2/1964
245 ## - TITLE STATEMENT
Title Rural policing: background papers of the seminar held on 14th to 16th december, 1964
Statement of responsibility, etc. by Central Police Training College
260 ## - PUBLICATION, DISTRIBUTION, ETC.
Place of publication, distribution, etc. Abu
Name of publisher, distributor, etc. Cntral Police Training College
Date of publication, distribution, etc. 1965
300 ## - PHYSICAL DESCRIPTION
Extent 245p.
700 ## - ADDED ENTRY--PERSONAL NAME
Personal name Central Police Training Colleg
Holdings
Withdrawn status Lost status Damaged status Not for loan Permanent Location Current Location Date acquired Full call number Barcode Date last seen Price effective from Koha item type
        Indian Institute of Public Administration Indian Institute of Public Administration 2018-08-04 .N400x54 In2/1964 GG4183 2018-08-04 2018-08-04 GG

Powered by Koha